Kampioenen Eredivisie - Statistieken

Algemene statistieken
  • Deze quiz is 301 keer genomen
  • De gemiddelde score is 6 van 8
Antwoordstatistieken
Titels Club % Correct
28 Ajax
100%
24 PSV
100%
11 Feyenoord
99%
2 AZ
93%
1 FC Twente
91%
1 Sparta Rotterdam
57%
1 DOS
18%
1 AFC DWS
15%
Geen overeenkomende quizzen gevonden
Scoreverdeling
Procent van Mensen met Elke Score
Percentiel versus Aantal Correcte Antwoorden
Uw Scoregeschiedenis
U heeft deze quiz nog niet genomen